Quiz - Poland - Statistics

General Stats
  • This quiz has been taken 12 times
  • The average score is 16 of 22
Answer Stats
Hint Answer % Correct
Capital of Poland Warsaw
100%
Poland used to be part of The _____ Pact Warsaw
100%
Exclave of Russia that Poland borders Kaliningrad
91%
Country that Poland united with in 1569 Lithuania
91%
River that runs through that city Vistula
91%
Hard alcohol that originated in Poland Vodka
91%
Colors of the Polish flag: Red and _____ White
91%
Capital of Poland before Warsaw Kraków
82%
Language family that Polish belongs to Slavic
82%
Currency of Poland Złoty
82%
Mountains that run through the southern part of the country Carpathian Mountains
73%
Polish composer, whose pieces include Fantaisie-Impromptu Frédéric Chopin
73%
Woman from Poland who won a Nobel Prize Marie Curie
73%
River that marks the German-Polish border Oder
73%
Polish equivalent of 'states' Voivodeships
64%
Famous cavalry unit in the Polish-Lithuanian Commonwealth Winged Hussars
64%
Largest castle in Poland (and in the world): Malbork
55%
Two biggest dialects of Polish: Kashubian and _____ Silesian
55%
Poland has Europe's largest remaining Primeval _____ Forest
45%
Major city with a lagoon named after it Szczecin
45%
National animal Bison
27%
Poland has Europe's oldest ______, located in Wrocław Restaurant
18%
No matching quizzes found
Score Distribution
Percent of People with Each Score
Percentile by Number Answered
Your Score History
You have not taken this quiz